Portuguese: Interjections - Statistics

General Stats
  • This quiz has been taken 40 times
    2 since last reset
  • The average score is 75 of 104
Answer Stats
Português English % Correct
Volto já/Já volto Be right back
100%
Abençoado(a) seja/Abençoado seja você Bless you
100%
Parabéns Congratulations
100%
Desculpe-me/Com licença Excuse me
100%
Boa tarde Good afternoon
100%
Adeus/Tchau Goodbye
100%
Bom trabalho/Arrasou Good job
100%
Boa sorte Good luck
100%
Bom dia Good morning
100%
Boa noite Good night
100%
Ótimo/Fixe/Demais (also awesome, amazing) Great
100%
Divirta-se/Divirtam-se Have fun
100%
Olá/Alô Hello
100%
Aqui vamos nós Here we go
100%
Ei/Oi/Tchê (also man, dude) Hey
100%
Como vai/Como você está/Como o senhor está/Como está How are you
100%
Como você tem sido/Como você tem estado How have you been
100%
Hurra/Hurrah Hurray
100%
Não vejo a hora/Não posso esperar I can't wait
100%
Eu não ligo I don't care
100%
Não sei I don't know
100%
Eu sei I know
100%
Não pode ser It can't be
100%
É o que é It is what it is
100%
Sou eu It's me
100%
Vamos lá/Bora/Vamos embora Let's go
100%
Vejamos/Vamos ver Let's see
100%
Prazer em conhecê-lo/Muito prazer em conhecê-lo Nice to meet you
100%
Não No
100%
Não, obrigado No thanks
100%
De jeito nenhum/Nem pensar/Nem ferrando No way
100%
Claro/Claro que sim/(É) Claro que é (also of course it is) Of course
100%
Claro que não/É claro que não Of course not
100%
Oh Oh
100%
Oh, meu Deus Oh my god
100%
Tudo bem/Tá (also yeah) Okay
100%
Ops/Opa/Ups (also whoops) Oops
100%
Ai/Ui Ouch
100%
Por favor Please
100%
Até já/Até mas tarde/Hasta mais See you later
100%
Até breve/Até logo See you soon
100%
Até amanhã See you tomorrow
100%
Sinto muito Sorry
100%
Fique bem/Cuide-se/Se cuida(e) Take care
100%
Obrigada/Obrigado Thanks
100%
Muito obrigado(a) Thank you very much
100%
Bem-vindo Welcome
100%
Bem-vindo de volta Welcome back
100%
O que há de novo What's new
100%
E aí/O que está acontecendo What's up
100%
Quem se importa Who cares
100%
Uau/Nossa/Oxi (also oh my, no way, I don't agree) Wow
100%
Eba Yay
100%
Aham Yeah
100%
Sim Yes
100%
De nada You're welcome
100%
Já era hora/Já era tempo/Já estava na hora/Já não era sem tempo (also it was/is about time) About time
50%
Tudo de bom All the best
50%
Muito bem Alright
50%
Tá afim (also are you interested) Are you up for it
50%
Antes tarde do que nunca/Melhor tarde do que nunca Better late than never
50%
Venha para baixo Come on down
50%
Que droga/Droga Darn it
50%
Idem/O mesmo (also the same) Ditto
50%
Aprecie a sua refeição/Bom apetite (also enjoy your meal) Enjoy
50%
Chega/Basta Enough
50%
Que chique/Que chique isso Fancy that
50%
Cara poxa/Puxa vida/Puxa (also gee) Geez
50%
Deus do céu Good heavens
50%
Tenha um bom dia/Tenha um ótimo dia/Tenha um excelente dia/Desejo-lhe um ótimo dia/Que seu dia seja incrível/Que você tenha um dia maravilhoso/Tenha um dia maravilhoso Have a great day
50%
Pescoço/Caramba Heck
50%
Espera aí/Pérai (also wait a minute, hold up) Hold on
50%
Como assim How come
50%
Se você diz/Se o senhor disser/Se você acha/Se o senhor disser isso/Se o senhor assim o diz If you say so
50%
É verdade Indeed
50%
Isso é uma piada Is this a joke
50%
Está tudo bem/Está bem (also it's okay) It's fine
50%
Há quanto tempo não nos vemos/Há muito tempo não nos vemos/Faz tempo que não nos vemos Long time no see
50%
Deixa pra lá/'Xa pra lá/Não importa Never mind
50%
Sem rancor No hard feelings
50%
Não há problema/Não tem problema/Não há problema algum No problem
50%
Perdão Pardon me
50%
Né (also isn't it, yes, correct, no) Right
50%
Até mais/Veja você (also see you) See ya
50%
E daí (also so) So what
50%
Isso é estranho/É estranho That's odd
50%
Muito bem Well done
50%
Que pena (also what a shame, that's too bad) What a pity
50%
O que você está fazendo/O que está fazendo What are you up to
50%
Que diferença faz What difference does it make
50%
Como queiras/Tanto faz/Não interessa Whatever
50%
Do que se trata/Sobre o que se trata/Sobre o que é What's it about
50%
Uhu/Ihu Woohoo
50%
Que nojo/Eca Yuck
50%
Te vejo depois/Vejo você mais tarde (also see you later) Catch you later
0%
É justo/Pois bem/De acordo Fair enough
0%
Vai nessa Go for it
0%
Como assim (also what do you mean) How so
0%
Vai logo Hurry up
0%
Nem perto/Nem de perto/Nem de longe/Nem perto disso Not even close
0%
Assim seja/Que assim seja/Que seja assim So be it
0%
Não faz mal (also it's okay) That's alright
0%
Essa mesmo/Pois é (also yes, yeah, right) That's right
0%
O que está errado/O que há de errado What's wrong
0%
No matching quizzes found
Score Distribution
Percent of People with Each Score
Percentile by Number Answered
Your Score History
You have not taken this quiz since the last reset